00421nam a2200133Ia 4500008004100000020001500041100001700056245004300073250000700116260004800123300001000171952009100181999001500272211105s9999 xx 000 0 und d aVYASA11831 aPandit B. N. 0aSpecific Principles Of Kashmir Saivism a\N bMunsiram Manahorlal Publishers Pvt.Ltd.c\N a198p. 00104070aSVYASAbSVYASAd2003-06-19l0p09000r2021-11-09 00:00:00w2021-11-09yBKS c6942d6942